000 05218cam a22004694a 4500
999 _c8712
_d8712
001 15657787
003 GZU
005 20210524123057.0
008 090312s2008 sa a b 100 0 eng d
010 _a 2009382166
020 _a9780702179488 (pbk.)
020 _a0702179485 (pbk.)
035 _a(OCoLC)ocn298543616
040 _aNz
_cNZDUL
_dYDXCP
_dNLA
_dOCLCQ
_dDLC
042 _alccopycat
043 _af------
_af-sa---
050 0 0 _aKTL515 SLO 2008
_bT75 2008
245 0 0 _aTrials and tribulations, trends and triumphs :
_bdevelopments in international, African and South African child and family law /
_cedited by Julia Sloth-Nielsen, Zenobia du Toit.
246 1 4 _aTrials & tribulations, trends & triumphs
260 _aCape Town :
_bJUTA Law,
_c2008.
300 _a278 p. :
_bill. ;
_c25 cm.
500 _a"Collected contributions from the International Miller du Toit Cloete Inc/UWC Conferences on Child and Family Law (2001-2008)."
504 _aIncludes bibliographical references.
505 0 _aIntroduction / Zenobia du Toit, Julia Sloth-Nielsen and Judy Cloete -- Trials and tribulations, trends and triumphs : the state of the nation's child and family law and their institutions for the administration of justice / Julia Sloth-Nielsen -- The globalisation of child and family law / Willie McCarney -- Recognising relationships : the new role of the state / Claire L'Heureux-Dube -- The co-ordination of European child and family law and the revised Brussels II Regulation / Henry Setright -- Regional developments and the Hague Children's Conventions, and the draft Convention on the International Recovery of Child Support and other forms of family maintenance / William Duncan -- The case for judicial activism / The Rt. Hon Lord Justice Thorpe -- Law reform : the emerging protection of children in Botswana? / Monica Tabengwa, Awuah Khan & Partners -- The Lesotho Child Protection and Welfare Bill 2004 : why the delays in enacting the children's law? / Itumeleng Kimane -- The Child Law reform process in Southern Sudan / Akur Magot -- Muslim personal law : an update / M.S. Navsa -- Making rights real : facing the challenges of recognising Muslim marriages in South Africa / Rashida Manjoo -- Still out in the cold? The Domestic Partnership Bill and the (non)protection of marginalised woman / Pierre de Vos -- Mediation in the Children's Act 38 of 2005, and the mediation in family law / Craig Schneider -- Revolutionary changes to the parent-child relationship in South Africa / Amanda Boniface -- The increased jurisdiction of the children's courts and implications for family law practice in light of the new mechanisms that promote alternative dispute resolution / Denni Leppan and Jacqui Gallinetti -- Family group conferencing in the proposed Chld Justice Bill : Implications for the child care system / Ann Skelton -- Maintenance as a chld's rights issue : an analysis of recent decisions that give substance to the 'best interests of the child standar' / Pat Moodley -- From Kramer versus Kramer to Batman and Robin : the concept of parental responsibility : a comparison of the Children Act 1989 with the South African Children's Act 2005 / Kharin Cox -- Adoption of children : how we got there and current developments / Henry Setright -- Special assignment : interpreting the right to legal representation in terms of section 28(1)(h) of the Constitution of South Africa / Ann Skelton -- Children's right to legal representation in divorce proceedings : proposed guidelines concerning when a section 28(1)(h) legal practitioner might be deemed necessary or appropriate / Daksha Kassan -- Practical implementation of representation for children / Upkaar Mungar -- The role of the liaison judge under the Hague Convention / Ben Griesel -- Increasing visibility and protection for children in conflict with the law : presentation on the manual for the measurement of juvenile justice indicators / Seamus MacRoibin -- The development of family/divorce mediation in South Africa / Praveena Sukhraj-Ely -- Publication of information pertaining to divorce proceedings / Ananda Louw.
650 0 _aChildren (International law)
_vCongresses.
650 0 _aChildren
_xLegal status, laws, etc.
_zAfrica
_vCongresses.
650 0 _aChildren
_xLegal status, laws, etc.
_zSouth Africa
_vCongresses.
650 0 _aDomestic relations (International law)
_vCongresses.
650 0 _aDomestic relations
_zAfrica
_vCongresses.
650 0 _aDomestic relations
_zSouth Africa
_vCongresses.
650 0 _aParent and child (Law)
650 0 _aParent and child (Law)
_zAfrica.
650 0 _aParent and child (Law)
_zSouth Africa.
700 1 _aSloth-Nielsen, Julia.
700 1 _aDu Toit, Zenobia.
710 2 _aMiller du Toit Cloete Inc.
710 2 _aUniversity of the Western Cape.
_bFaculty of Law.
856 4 _uhttp://www.jutalaw.co.za/catalogue/itemdisplay.jsp?item_id=9572&addprint=true&vol_id=
906 _a7
_bcbc
_ccopycat
_d2
_encip
_f20
_gy-gencatlg
942 _2lcc
_cBK
_h515
_iSLO
_kKTL